Statistics for Football Clubs in Moscow

Click here to take the quiz!

General Stats

  • This quiz has been taken 79 times
    (56 since last reset)
  • The average score is 4 of 6

Answer Stats

Last Biggest League TitleTeam% Correct
2016-17 Premier LeagueSpartak Moscow
92%
2015-16 Premier LeagueCSKA Moscow
90%
2019-20 Premier LeagueLokomotiv Moscow
84%
1975-76 Premier LeagueDynamo Moscow
78%
1975-76 Premier LeagueTorpedo Moscow
55%
-Veles Moscow
8%

Score Distribution

Percentile by Number Answered

Percent of People with Each Score

Your Score History

You have not taken this quiz since the last reset